| 000 | 01192cab a2200301 4500 | ||
|---|---|---|---|
| 001 | ABS52254 | ||
| 008 | 090401t1995 xxu||||| |||| 00| 0 eng d | ||
| 035 | _a(Sirsi) u68467 | ||
| 041 | _aeng | ||
| 100 | _aMartindale, N. | ||
| 245 | _aLocal authority investment property - a virtual reality? | ||
| 260 | _c1995 | ||
| 350 | _a0 | ||
| 490 |
_aProperty Management _v13(1) 1995,10-23(14) |
||
| 520 | _aStates that the total capital value of tenanted non-residential property of the English and Welsh local authorities is greater than the total holdings of the top eight, UK-based, property companies, yet, while property investment companies own tenanted property for financial returns, the primary reason for its ownership by local authorities is not clear. | ||
| 650 | _aINVESTMENT PROPERTY | ||
| 650 | _aLOCAL AUTHORITIES | ||
| 650 | _aPORTFOLIO MANAGEMENT | ||
| 650 | _aPROPERTY INVESTMENT | ||
| 650 |
_aProperty management _96262 |
||
| 650 | _aSTATISTICS | ||
| 650 | _aTENANTED NON-RESIDENTIAL PROPERTY | ||
| 650 | _aTNRP | ||
| 650 | _aVALUE | ||
| 690 | _aPROPERTY-COMMERCIAL PROPERTY-COMMERCIAL PROPERTY FINANCE AND INVESTMENT | ||
| 942 | _n0 | ||
| 948 | _c04/03/1997 | ||
| 999 |
_c42957 _d42957 |
||